=LDR 00000nam 2200000 4500 =001 INLIS000000000047987 =005 20160324092038.0 =006 =007 =008 =020 ##$$a 3-7757-0248-2 =035 ##$$0010-031600000000100 =040 ##$$a NBPDMAT =082 ##$$a 741.45 =090 ##$$a 741.45 $bBer z =100 ##$$a Bernd Baehring =245 ##$$a Zwischn Hausse und Baisse : Borse und geld in der karikatur / Bernd Baehring und Johannes Gross =260 ##$$a Stuttgart $b Verlag Gerd Hatje $c 1987 =300 ##$$a 331 hlm. : ilus. ; 24 cm =500 ##$$a Bibliografi hlm : 320 - 330 =650 ##$$a Kartun dan Karikatur =700 ##$$a Johannes Gross =850 ##$$a NBPDMAT =990 ##$$a 31500791 =990 ##$$a 31500791/BPAP-NTB/2016